000 00510nam a22001697a 4500
005 20251108172216.0
008 250721s2000 xx 000 0 ara d
082 1 4 _a658.406/مرع
100 1 _aمرعي، محمد مرعي
245 1 0 _aدليل إدارة التغيير و التحديث في المؤسسات /
264 1 _aدمشق :
_bدار الرضا،
_c2000.
300 _a136ص
650 1 7 _aالتغيير التنظيمي
650 1 7 _aالإدارة
942 _2ddc
_cBK
999 _c73192
_d73192